000 00305nam a2200133Ia 4500
008 220204s9999 xx 000 0 und d
082 _a621.98
_bSHU
100 _aEleneyev, S
245 0 _aPress working
260 _aMoscow
_bMir
_c1974
650 _aSheet metal
700 _aShukhov, Y U
942 _cBK
999 _c24171
_d24171